Countries Closest to Africa A-Z - Statistics

General Stats
  • This quiz has been taken 4,673 times
    4,265 since last reset
  • The average score is 19 of 23
Answer Stats
Country % Correct
I Israel (Italy)
96%
O Oman
96%
Y Yemen
96%
Q Qatar
95%
S Spain
92%
F France
91%
J Jordan
91%
P Portugal
90%
T Turkey
87%
V Vatican City
86%
G Greece
85%
H Hungary
83%
D Denmark
81%
M Malta
81%
A Andorra
79%
E Estonia (Egypt)
79%
L Lebanon
79%
K Kosovo
78%
C Cyprus
77%
R Romania
77%
U United Arab Emirates
76%
B Bosnia & Herzegovina
65%
N North Macedonia
58%
No matching quizzes found
Score Distribution
Percent of People with Each Score
Percentile by Number Answered
Your Score History
You have not taken this quiz since the last reset